Tribal population and chronic poverty in Orissa (Record no. 493465)

000 -LEADER
fixed length control field 00570cam a22001577a 4500
008 - FIXED-LENGTH DATA ELEMENTS--GENERAL INFORMATION
fixed length control field 180718b2005 xxu||||| |||| 00| 0 eng d
082 ## - DEWEY DECIMAL CLASSIFICATION NUMBER
Classification number Q31x54 P13
100 ## - MAIN ENTRY--PERSONAL NAME
Personal name Padhi, Sakti
245 ## - TITLE STATEMENT
Title Tribal population and chronic poverty in Orissa
Statement of responsibility, etc. by Sakti Padhi, Nilakantha Panigrahi and Aswini Kumar Mishra
260 ## - PUBLICATION, DISTRIBUTION, ETC.
Place of publication, distribution, etc. New Delhi
Name of publisher, distributor, etc. Indian Institute of Public Administration and Chronic Poverty Research Centre
Date of publication, distribution, etc. 2005
300 ## - PHYSICAL DESCRIPTION
Extent 15p.
440 ## - SERIES STATEMENT/ADDED ENTRY--TITLE
Title CPRC-IIPA working paper; no. 27
650 ## - SUBJECT ADDED ENTRY--TOPICAL TERM
Topical term or geographic name entry element Poverty
700 ## - ADDED ENTRY--PERSONAL NAME
Personal name Mishra, Aswini Kumar
700 ## - ADDED ENTRY--PERSONAL NAME
Personal name Panigrahi, Nilakantha
Holdings
Withdrawn status Lost status Damaged status Not for loan Permanent Location Current Location Date acquired Full call number Barcode Date last seen Price effective from Koha item type
        Indian Institute of Public Administration Indian Institute of Public Administration 2018-08-04 Q31x54 P13 GR17840 2018-08-04 2018-08-04 GR
        Indian Institute of Public Administration Indian Institute of Public Administration 2018-08-04 Q31x54 P13 GR17839 2018-08-04 2018-08-04 GR

Powered by Koha